World Geography U - Statistics

General Stats
  • This quiz has been taken 69 times
  • The average score is 13 of 20
Answer Stats
Questions Answer % Correct
3) East African country bordering LakeVictoria to the south Uganda
98%
7) Kyiv, Kharkiv, Lviv, Odessa Ukraine
98%
2) Its capital is Montevideo Uruguay
98%
14) Mountain range separating Europe fromAsia Ural
94%
12) Salt Lake City, Provo, Moab Utah
90%
1) This Asian capital is considered theworlds coldest Ulaanbaatar
84%
16) Name for the city or within a big city,the opposite of rural urban
84%
19) One of the 4 historic provinces of Northern Ireland Ulster
77%
20) Central Italian region, its capital is Perugia Umbria
76%
5) Historic Dutch city famous for its medeval landmarks Utrecht
76%
18) First name of Civil War general and president Grant Ulysses
74%
13) US theme park based on popular moviesfrom this famous film studio Universal
68%
6) Major Swedish city north of Stockholmknown for its arts center Uppsala
65%
11) Medieval German city in the south stateof Baden-Wurttemburg Ulm
52%
4) Major city in northwest China, capitalof the Xinjiang province Urumqi
45%
17) large city in upstate New York in the Mohawk Valley Utica
39%
15) Major city in Russia on the Belaya river Ufa
37%
8) Coastal South Korean city close to Busan Ulsan
31%
10) River on which the above city sits Uzh
10%
9) Medieval city in western Ukraine on theSlovakian border Uzhhorod
6%
No matching quizzes found
Score Distribution
Percent of People with Each Score
Percentile by Number Answered
Your Score History
You have not taken this quiz